[Event "Maastricht Limburg op-C 8th"]
[Site "Maastricht"]
[Date "2014.06.08"]
[Round "4"]
[White "Reyskens, Jules"]
[Black "Beusen, Frank"]
[Result "1-0"]
[WhiteElo "1719"]
[BlackElo "1433"]
[PlyCount "63"]
[EventDate "2014.06.06"]
[EventType "swiss"]
[EventRounds "7"]
[EventCountry "NED"]
[SourceTitle "EXT 2015"]
[Source "ChessBase"]
[SourceDate "2014.11.20"]
[SourceVersion "1"]
[SourceVersionDate "2014.11.20"]
[SourceQuality "1"]

1. e4 e5 2. d4 exd4 3. Nf3 Nc6 4. Bc4 h6 5. Nxd4 Nf6 6. Nxc6 bxc6 7. e5 Qe7 8. 0-0 Nh7 9. Nc3 g6 10. Bd3 Bg7 11. Bf4 0-0 12. Re1 Re8 13. Qd2 g5 14. Bg3 Nf8 15. f4 Bb7 16. f5 f6 17. exf6 Qxf6 18. Rxe8 Rxe8 19. Ne4 Qxb2 20. Re1 Kh8 21. f6 Bxf6 22. Nxf6 Rxe1+ 23. Qxe1 Qd4+ 24. Kh1 d6 25. Qf1 Kg7 26. Nh5+ Kg8 27. Nf6+ Kg7 28. Ne8+ Kg8 29. Nxc7 c5 30. Nb5 Qd5 31. Nxd6 Kg7 32. Ne8+ 1-0

[Event "Maastricht Limburg op-C 8th"]
[Site "Maastricht"]
[Date "2014.06.07"]
[Round "3"]
[White "Van Roon, Sjoerd"]
[Black "Reyskens, Jules"]
[Result "1-0"]
[WhiteElo "1646"]
[BlackElo "1719"]
[PlyCount "37"]
[EventDate "2014.06.06"]
[EventType "swiss"]
[EventRounds "7"]
[EventCountry "NED"]
[SourceTitle "EXT 2015"]
[Source "ChessBase"]
[SourceDate "2014.11.20"]
[SourceVersion "1"]
[SourceVersionDate "2014.11.20"]
[SourceQuality "1"]

1. e4 c5 2. Nf3 e6 3. d4 cxd4 4. Nxd4 Nf6 5. Bd3 Nc6 6. Be3 Nb4 7. Nc3 Nxd3+ 8. Qxd3 a6 9. e5 Ng4 10. Bf4 g6 11. Bg3 h5 12. h3 Nh6 13. Ne4 Ng8 14. 0-0-0 f5 15. exf6 Nxf6 16. Nxe6 Qe7 17. Nc7+ Kf7 18. Ng5+ Kg7 19. Nxa8 1-0

[Event "Maastricht Limburg op-C 8th"]
[Site "Maastricht"]
[Date "2014.06.06"]
[Round "1"]
[White "Van Ginneken, Maikel"]
[Black "Reyskens, Jules"]
[Result "1/2-1/2"]
[WhiteElo "1453"]
[BlackElo "1719"]
[PlyCount "111"]
[EventDate "2014.06.06"]
[EventType "swiss"]
[EventRounds "7"]
[EventCountry "NED"]
[SourceTitle "EXT 2015"]
[Source "ChessBase"]
[SourceDate "2014.11.20"]
[SourceVersion "1"]
[SourceVersionDate "2014.11.20"]
[SourceQuality "1"]

1. d4 Nf6 2. c4 g6 3. Nc3 d5 4. Nf3 Bg7 5. Bf4 0-0 6. e3 c6 7. c5 Nh5 8. Bg5 Nf6 9. Bd3 Nbd7 10. 0-0 Re8 11. Qd2 e5 12. dxe5 Nxe5 13. Nxe5 Rxe5 14. Bf4 Re8 15. Rad1 Bg4 16. Be2 Bxe2 17. Qxe2 Qa5 18. Bd6 Nd7 19. Qd2 Nxc5 20. Rfe1 Bxc3 21. Qxc3 Qxc3 22. bxc3 Ne4 23. Bb4 a5 24. f3 axb4 25. fxe4 Rxe4 26. cxb4 Rxb4 27. Rd2 Rba4 28. Rb1 b5 29. Rc2 Rc4 30. Rbb2 Kg7 31. Kf2 Kf6 32. Kf3 Ke5 33. g3 Raa4 34. h3 h5 35. Rd2 g5 36. Rh2 f5 37. Rhf2 Rc3 38. Rbd2 d4 39. Rfe2 Raa3 40. Rxd4 g4+ 41. hxg4 hxg4+ 42. Kf2 Rc4 43. Rd8 Rca4 44. Rc8 Rc4 45. Re8+ Kf6 46. Rf8+ Kg6 47. Rd2 Rac3 48. Rd6+ Kg7 49. Rxf5 Rc2+ 50. Ke1 Rxa2 51. Rg5+ Kf7 52. Kd1 Ke7 53. Rgg6 Ra1+ 54. Kd2 Rg1 55. Rge6+ Kf7 56. Rf6+ 1/2-1/2

[Event "Maastricht Limburg op-C 6th"]
[Site "Maastricht"]
[Date "2012.05.28"]
[Round "7"]
[White "Reyskens, Jules"]
[Black "Warmerdam, Max"]
[Result "1-0"]
[WhiteElo "1737"]
[BlackElo "1648"]
[PlyCount "55"]
[EventDate "2012.05.25"]
[EventType "swiss"]
[EventRounds "7"]
[EventCountry "NED"]
[SourceTitle "EXT 2013"]
[Source "ChessBase"]
[SourceDate "2012.11.22"]
[SourceVersion "1"]
[SourceVersionDate "2012.11.22"]
[SourceQuality "1"]

1. e4 e5 2. Nf3 Nc6 3. Bc4 Nf6 4. Ng5 d5 5. exd5 Na5 6. Bb5+ c6 7. dxc6 bxc6 8. Qf3 h6 9. Ne4 Nxe4 10. Qxe4 Qc7 11. Ba4 Bd7 12. d4 f6 13. 0-0 Bd6 14. dxe5 fxe5 15. Qg6+ Kf8 16. Nc3 Be8 17. Qe4 Nb7 18. Bb3 Bf7 19. Bxf7 Kxf7 20. Qf5+ Ke7 21. Qg6 Rhg8 22. Be3 Bc5 23. Ne4 Bb6 24. Rad1 Rad8 25. Bxb6 axb6 26. Ng3 Nd6 27. Rxd6 Rxd6 28. Nf5+ 1-0

[Event "Maastricht Limburg op-C 6th"]
[Site "Maastricht"]
[Date "2012.05.27"]
[Round "5"]
[White "Reyskens, Jules"]
[Black "Orbons, Richard"]
[Result "0-1"]
[WhiteElo "1737"]
[BlackElo "1668"]
[PlyCount "80"]
[EventDate "2012.05.25"]
[EventType "swiss"]
[EventRounds "7"]
[EventCountry "NED"]
[SourceTitle "EXT 2013"]
[Source "ChessBase"]
[SourceDate "2012.11.22"]
[SourceVersion "1"]
[SourceVersionDate "2012.11.22"]
[SourceQuality "1"]

1. e4 g6 2. d4 Bg7 3. Nc3 d6 4. Nf3 Nf6 5. h3 0-0 6. Be3 Nbd7 7. Bd3 c5 8. dxc5 Nxc5 9. 0-0 b6 10. Bf4 Bb7 11. Re1 d5 12. exd5 Nxd5 13. Nxd5 Bxd5 14. Be5 Nxd3 15. Qxd3 Bxf3 16. Qxf3 Bxe5 17. Rxe5 Rc8 18. Qe2 e6 19. Rd1 Qc7 20. c3 Rfd8 21. Re3 Rxd1+ 22. Qxd1 Rd8 23. Rd3 Rxd3 24. Qxd3 Qf4 25. Qd8+ Kg7 26. Qd4+ Qxd4 27. cxd4 Kf6 28. Kf1 Kf5 29. f3 h5 30. h4 f6 31. Kf2 g5 32. hxg5 fxg5 33. Ke3 h4 34. b3 a6 35. a3 g4 36. fxg4+ Kxg4 37. Ke2 Kf4 38. Kf2 Ke4 39. g3 hxg3+ 40. Kxg3 Kxd4 0-1

[Event "Maastricht Limburg op-C 4th"]
[Site "Maastricht"]
[Date "2010.05.23"]
[Round "4"]
[White "Reyskens, Jules"]
[Black "Keetman, Sandra"]
[Result "1-0"]
[WhiteElo "1631"]
[BlackElo "1295"]
[PlyCount "79"]
[EventDate "2010.05.21"]
[EventType "swiss"]
[EventRounds "7"]
[EventCountry "NED"]
[SourceTitle "EXT 2011"]
[Source "ChessBase"]
[SourceDate "2010.11.26"]
[SourceVersion "1"]
[SourceVersionDate "2010.11.26"]
[SourceQuality "1"]

1. e4 c6 2. Nc3 d5 3. Nf3 Bg4 4. h3 Bh5 5. exd5 cxd5 6. Bb5+ Nd7 7. g4 Bg6 8. Ne5 Ngf6 9. g5 a6 10. Bxd7+ Nxd7 11. Nxg6 hxg6 12. Nxd5 Nc5 13. Qf3 e6 14. Nc3 Be7 15. h4 Qc7 16. d4 Nd7 17. Be3 Nb6 18. Bf4 Qc6 19. Qxc6+ bxc6 20. 0-0-0 0-0 21. h5 Nd5 22. Nxd5 cxd5 23. h6 Rac8 24. hxg7 Kxg7 25. Rh3 Rh8 26. Rdh1 Rxh3 27. Rxh3 f6 28. gxf6+ Bxf6 29. Be5 Bxe5 30. dxe5 Rf8 31. Ra3 Rxf2 32. Rxa6 Kf7 33. Ra7+ Kf8 34. b4 Rf4 35. c3 d4 36. Kc2 g5 37. b5 Kg8 38. b6 dxc3 39. b7 Rb4 40. Ra8+ 1-0

[Event "Charleroi op 5th"]
[Site "Charleroi"]
[Date "2006.08.01"]
[Round "5"]
[White "Audin, Thierry"]
[Black "Reyskens, Jules"]
[Result "1-0"]
[WhiteElo "1990"]
[BlackElo "1792"]
[PlyCount "83"]
[EventDate "2006.07.29"]
[EventType "swiss"]
[EventRounds "9"]
[EventCountry "BEL"]
[SourceTitle "CBM 113 Extra"]
[Source "ChessBase"]
[SourceDate "2006.09.14"]
[SourceVersion "1"]
[SourceVersionDate "2006.09.14"]
[SourceQuality "1"]

1. d4 d5 2. Nc3 Nf6 3. Bg5 Nbd7 4. f3 c6 5. e4 dxe4 6. fxe4 Qa5 7. Qd2 e6 8. Bd3 Bb4 9. Nf3 h6 10. Bf4 g5 11. Be5 Nxe5 12. Nxe5 Nd7 13. Nc4 Qc7 14. 0-0 b5 15. Ne3 Bb7 16. a3 Ba5 17. b4 Bb6 18. Bxb5 a6 19. Bc4 0-0-0 20. Na4 Ne5 21. Nxb6+ Qxb6 22. c3 Qc7 23. Qe2 Nxc4 24. Nxc4 Kb8 25. Rf6 Rh7 26. Raf1 Rg8 27. Ne5 Rgg7 28. Qh5 c5 29. Rxf7 Rxf7 30. Rxf7 Rxf7 31. Qxf7 Qxf7 32. Nxf7 cxd4 33. cxd4 Bxe4 34. Nxh6 Kc7 35. h3 Kb6 36. Nf7 g4 37. hxg4 Bc2 38. Nd8 Bb3 39. g5 Kb5 40. g6 Ka4 41. g7 e5 42. dxe5 1-0

[Event "Charleroi op 5th"]
[Site "Charleroi"]
[Date "2006.07.29"]
[Round "1"]
[White "Hovhannisyan, Mher"]
[Black "Reyskens, Jules"]
[Result "1-0"]
[WhiteElo "2359"]
[BlackElo "1792"]
[PlyCount "79"]
[EventDate "2006.07.29"]
[EventType "swiss"]
[EventRounds "9"]
[EventCountry "BEL"]
[SourceTitle "CBM 113 Extra"]
[Source "ChessBase"]
[SourceDate "2006.09.14"]
[SourceVersion "1"]
[SourceVersionDate "2006.09.14"]
[SourceQuality "1"]

1. e4 e5 2. Nf3 Nf6 3. Nc3 Nc6 4. Bb5 Nd4 5. Ba4 Bc5 6. Nxe5 0-0 7. Nd3 Bb6 8. e5 Ne8 9. Nd5 c6 10. Ne3 d6 11. 0-0 dxe5 12. Nxe5 Qh4 13. c3 Nf5 14. d4 Ned6 15. Qg4 Qxg4 16. N5xg4 Nxe3 17. Nxe3 Be6 18. Bc2 Rad8 19. Re1 Rfe8 20. Nf1 Bd5 21. Bf4 Rxe1 22. Rxe1 Re8 23. Rxe8+ Nxe8 24. b3 Be6 25. Ne3 Bc7 26. Bxc7 Nxc7 27. c4 g6 28. f4 f5 29. Kf2 Kf8 30. h3 Ke7 31. g4 Kf6 32. gxf5 gxf5 33. Nf1 Na6 34. a3 Nc7 35. Nd2 b5 36. Bd3 bxc4 37. bxc4 Ne8 38. Nf3 c5 39. dxc5 Nc7 40. Ke3 1-0

[Event "Charleroi op 4th"]
[Site "Charleroi"]
[Date "2005.07.30"]
[Round "1"]
[White "Dgebuadze, Alexandre"]
[Black "Reyskens, Jules"]
[Result "1-0"]
[WhiteElo "2521"]
[BlackElo "1791"]
[PlyCount "83"]
[EventDate "2005.07.30"]
[EventType "swiss"]
[EventRounds "9"]
[EventCountry "BEL"]
[SourceTitle "EXT 2006"]
[Source "ChessBase"]
[SourceDate "2005.11.24"]
[SourceVersion "1"]
[SourceVersionDate "2005.11.24"]
[SourceQuality "1"]

1. e4 c5 2. Nf3 e6 3. d3 Nc6 4. g3 d5 5. Qe2 Be7 6. Bg2 Nf6 7. 0-0 0-0 8. e5 Nd7 9. c4 dxc4 10. dxc4 Qc7 11. Re1 b6 12. Nc3 a6 13. Bf4 Bb7 14. Rad1 Nd4 15. Nxd4 Bxg2 16. Kxg2 cxd4 17. Rxd4 Nc5 18. Red1 Rfd8 19. b3 Rxd4 20. Rxd4 Rd8 21. Rxd8+ Qxd8 22. Be3 Nd7 23. f4 Bc5 24. Ne4 Qa8 25. Qf3 Kh8 26. Nxc5 Qxf3+ 27. Kxf3 Nxc5 28. Bxc5 bxc5 29. a3 a5 30. Ke4 Kg8 31. b4 cxb4 32. axb4 axb4 33. Kd3 Kf8 34. c5 Ke7 35. Kc4 Kd7 36. Kxb4 Kc6 37. Kc4 f6 38. exf6 gxf6 39. g4 e5 40. g5 fxg5 41. f5 h5 42. f6 1-0

[Event "BEL FEFB-ch op"]
[Site "Charleroi"]
[Date "2001.05.26"]
[Round "3"]
[White "Faybish, Nimrod"]
[Black "Reyskens, Jules"]
[Result "1-0"]
[WhiteElo "2227"]
[BlackElo "1778"]
[PlyCount "45"]
[EventDate "2001.05.??"]
[EventType "swiss"]
[EventRounds "7"]
[EventCountry "BEL"]
[SourceTitle "EXT 2005"]
[Source "ChessBase"]
[SourceDate "2004.11.15"]
[SourceVersion "1"]
[SourceVersionDate "2004.11.15"]
[SourceQuality "1"]

1. e4 e5 2. Nf3 Nf6 3. Nc3 Nc6 4. g3 d6 5. Bg2 Be7 6. h3 Bd7 7. d4 h6 8. b3 g5 9. d5 Nb8 10. Qe2 Qc8 11. Bb2 a5 12. a4 Na6 13. Nd2 Nc5 14. Nc4 b6 15. f4 gxf4 16. gxf4 exf4 17. e5 dxe5 18. Qxe5 Kf8 19. 0-0-0 Rg8 20. d6 cxd6 21. Nxd6 Rg5 22. Nxc8 Rxe5 23. Nxe7 1-0